000 01289nam a22002537a 4500
999 _c3975
_d3975
003 AR-CdUCM
008 190307b ||||| |||| 00| 0 spa d
040 _aMUNICIPALIDAD PROVINCIAL DEL CUSCO
_cBIBLIOTECA MUNICIPAL DEL CUSCO
082 _a338.985 /
_bP29
100 _aPaullo Nina, Ángel Elías
_912703
245 _aDiseño y aplicación de instrumentos para la gestión del desarrollo económico territorial :
_bdesde los gobiernos subnacionales /
260 _aCusco :
_bCentro Guaman Poma de Ayala,
_c2016.
300 _a324 páginas ;
_c23 cm.
505 _aContenido: La promoción del desarrollo económico territorial -- Capacidades gerenciales para la promoción del desarrollo económico territorial -- La concertación público privada para el desarrollo económico territorial ...
650 _aDesarrollo económico - Perú - Manuales
_912704
650 _aGobiernos regionales - Administración - Economía
_912705
650 _aAdministración pública - Perú
_912706
650 _aProyectos de desarrollo económico
_98359
650 _aEstudio de casos - Cusco - Proyectos de desarrollo económico
_912707
700 _aElorrieta Agramonte, Juan Igor
_912708
700 _aMachacuay Romero, Samuel (Autores)
_912709
942 _2ddc
_cLIBROS
945 _alccs